| 000 | 01061cam a22003135a 4500 | ||
|---|---|---|---|
| 001 | 017372144 | ||
| 003 | OSt | ||
| 005 | 20201128024006.0 | ||
| 008 | 150518t2016 nyua frbd 001 0 eng d | ||
| 020 | _a9781259251764 | ||
| 020 | _a1259251764 | ||
| 040 |
_aStDuBDS _beng _cStDuBDS _dUk _dEG-ScBUE |
||
| 082 | 0 | 4 |
_a658.4038011 _222 _bBAL |
| 100 | 1 |
_aBaltzan, Paige. _936484 |
|
| 245 | 1 | 0 |
_aBusiness driven information systems / _cPaige Baltzan. |
| 250 | _a5th ed., International student ed. | ||
| 260 |
_aNew York : _bMcGraw Hill Education, _cc.2016. |
||
| 300 |
_a1 v. (Various pagings) : _bill. ; _c28 cm. |
||
| 500 | _aIncludes glossary. | ||
| 504 | _aIncludes bibliographical references and index. | ||
| 650 | 7 |
_aManagement information systems. _2BUEsh _91296 |
|
| 650 | 7 |
_aIndustrial management _xData processing. _2BUEsh _936485 |
|
| 650 | 7 |
_aInformation technology _xManagement. _2BUEsh _912426 |
|
| 651 | _2BUEsh | ||
| 653 |
_bBUSADM _cNovember2016 |
||
| 655 |
_vText book _933728 |
||
| 690 | 7 |
_aManagement and Business Studies _2blcoll |
|
| 942 | _2ddc | ||
| 999 |
_c23167 _d23139 |
||